| 000 | 00396cam a2200145ua 4500 | ||
|---|---|---|---|
| 041 |
_aeng _h |
||
| 082 |
_a620.11 _bSTU/MA |
||
| 100 | _aStuart, Barbara H . | ||
| 245 |
_aAnalytical techniques in materials conservation / _cBarbara H Stuart. _hTextual Documents |
||
| 260 |
_aLondon : _bJohn Wiley & Sons , _c2007. |
||
| 300 |
_a424 ; _eCD. |
||
| 504 | _a | ||
| 942 | _cBK | ||
| 999 |
_c13301 _d13301 |
||